| 000 | 00613nam a2200217 i 4500 | ||
|---|---|---|---|
| 001 | bg | ||
| 100 | 1 | _aKOSIKOWSKI, Cezary | |
| 245 | 1 | 0 |
_aPrawo działalności gospodarczej : _bkomentarz / _cCezary Kosikowski. |
| 250 | _aStan prawny na dzień 1 lipca 2000 r. | ||
| 260 |
_aWarszawa : _bWydaw. Prawnicze, _c2000. |
||
| 300 |
_a170, [1] s. ; _c21 cm. |
||
| 504 | _aBibliogr. | ||
| 650 | 9 |
_aPrawo gospodarcze _zPolska _ystan na 2000 r. |
|
| 020 | _a8321910564 | ||
| 040 | _cBPK | ||
| 041 | 0 | _apl | |
| 080 | _a346(438) | ||
| 920 | _a83-219-1056-4 | ||
| 942 | _cKS | ||
| 008 | s pl f |000 0 pol | ||
| 999 |
_c38477 _d38477 |
||
| 856 |
_uhttp://koha.tu.koszalin.pl/cgi-bin/koha/opac-detail.pl?biblionumber=38477 _yKatalog online BPK |
||